Quizzes
Events
Quiz Creation
Community
Videos
Private Events
Remove Ads
Sign In
Join for FREE
Feedback
Dark Mode
Quiz Categories
Sports
Geography
Music
Movies
Television
Just For Fun
Miscellaneous
History
Literature
Language
Science
Gaming
Entertainment
Religion
Holiday
For Kids
Quiz Lab
Recent
Popular Today
Quiz Kudos Today
Editor Picks
Curator Picks
Quizzes by...
Day
Popularity
Type
Ratings
Length
Year
Community
Subscriptions
Recent Discussions
Orange Saloon
Badges
Playlists
Quests
Create
Leaderboards
Showdown
Live 5
Trivia Bingo
Activity
Puzzle Library
Sporcle Events
Private Events
Virtual Trivia
Globe League
Become a Host
Pub Owners
SporcleCon
Opinionation
Our Games
Videos
Blog
Mobile Apps
Partnerships
Remove Ads and Go Orange
Feedback
Music
Pop Music
The Beatles
Song
Album
Lyrics
Bands
Singers
Artist
Clip
Rock
Rap
Classical
Billboard
Country Music
Kpop
Taylor Swift
Music
Pop Music
The Beatles
Song
Album
Lyrics
Bands
Singers
Artist
Clip
Rock
Rap
Classical
Billboard
Country Music
Kpop
Taylor Swift
Random Quiz
Search Sporcle
×
Quiz Lab
Quiz Lab
Music
Artist
Type in answers that appear in a list
Type in answers that appear in a list
Classic
Best Score? Go Orange.
40 Greatest Stoner Albums Stats
Can you name the 40 Greatest Stoner Albums, according to Rolling Stone?
By
esvadude
7m
40 Questions
109 Plays
109 Plays
109 Plays
Comments
Comments
Give Quiz Kudos
Give Quiz Kudos
-
- Ratings
hide this ad
More Info
Replay
Link that replays current quiz
Next Quiz
Link to next quiz in quiz playlist
You Got
0%
They Got
Avg Score
35%
Avg Friend Score
Upgrade to see
Score Distribution
Jump to the score distribution portion of the page
Score
0/40
Timer
07:00
0
Plays Today
Artist
Album
% Correct
Pink Floyd
The Dark Side of the Moon
86.2%
The Beatles
Rubber Soul
71.6%
Black Sabbath
Paranoid
69.7%
Radiohead
Kid A
67.9%
Dr. Dre
The Chronic
67%
Miles Davis
Bitches Brew
58.7%
My Bloody Valentine
Loveless
56.9%
Beastie Boys
Paul's Boutique
56%
Portishead
Dummy
56%
The Jimi Hendrix Experience
Axis: Bold as Love
52.3%
Talking Heads
Remain in Light
51.4%
Wu Tang Clan
Enter the Wu-Tang (36 Chambers)
51.4%
DJ Shadow
Endtroducing...
45.9%
Flaming Lips
Yoshimi Battles the Pink Robots
45%
Fleet Foxes
Fleet Foxes
44%
Funkadelic
Maggot Brain
38.5%
Outkast
Aquemini
36.7%
Kraftwerk
Trans Europe Express
35.8%
Beck
Mellow Gold
35.8%
Allman Brothers Band
At Fillmore East
33%
Artist
Album
% Correct
Brian Eno
Another Green World
33%
Spiritualized
Ladies and Gentlemen We Are Floating In Space
31.2%
Herbie Hancock
Head Hunters
28.4%
D'Angelo
Voodoo
24.8%
Os Mutantes
Os Mutantes
23.9%
My Morning Jacket
Z
20.2%
Kyuss
Welcome to Sky Valley
19.3%
Animal Collective
Merriweather Post Pavillion
19.3%
Sigur Ros
Agaetis Byrjun
18.3%
The Congos
Heart of the Congos
18.3%
Grateful Dead
Live/Dead
18.3%
Wilco
Sky Blue Sky
15.6%
Pharcyde
Bizarre Ride II the Pharcyde
15.6%
Massive Attack
Protection
13.8%
Augustus Pablo
East of the River Nile
9.2%
Meat Puppets
Up on the Sun
8.3%
Beach House
Devotion
7.3%
David Crosby
If I Could Only Remember My Name
7.3%
Bob Marley and the Wailers
African Herbsman
6.4%
King Sunny Ade
The Classic Years
1.8%
Quiz Playlist
Details
Report
Send in Message
Add To Playlist
More Info:
Albums are listed in decreasing order, from the 40th greatest album to the 1 greatest album.
Classic:
Type in answers that appear in a list
Quiz Source
Last Updated: Feb 16, 2017
Quiz Scoreboard
CHALLENGE
Sign Up to Join the Scoreboard
Show All
Scores
Hide
Comments
May contain spoilers
Recently Published
Movies - When Are They Set?
by FPL_Elf
Movies
5m
Popular People in 1961
by mucciniale
History
6m
1-10 Letter E Words III
by El_Dandy
Language
2m
More to Explore
Quiz From the Vault
Featured Blog Post
Where Did the Easter Bunny Come From?
hide this ad
You Might Also Like...
Tags
Album Quiz
Artist Quiz
greatest
Rolling
Rolling Stone
stone
Stoner
Today's Top Quizzes in Music
Browse Music
hide this ad
Today's Top Quizzes in Artist
Browse Artist
Top Contributed Quizzes in Music
1
Taylor Swift All Songs (2024)
2
2010s Album by Cover III
3
One Thing in Common: Music
4
Guess the Artist- 70s Songs
5
Taylor Swift Logic Puzzle
6
Guess the Taylor Swift song (Mystery Song)
7
2010s Album by Cover IV
8
2010s Album by Cover V
9
KPOP LOGIC QUIZ
10
2010s Album by Cover VI
Explore More
Trending Topics
Harry Potter
Crossword
Disney
Marvel
Kpop
Anime
NBA
Pokémon
The Office
NFL
WWE
Song
Country
Puzzle
Soccer
hide this ad
More By:
esvadude
Quiz
Plays
Rating
Category
Featured
Created
'Take Me Home, Country Roads' Lyrics
110,761
4.76
Music
Jul 6, 2011
American Civil War Sorting Gallery
31,563
4.54
History
May 24, 2016
Word Ladder: Visit to the Library
26,814
4.26
Just For Fun
Jul 7, 2013
Word Ladder: Cold As Ice
26,411
3.68
Just For Fun
Aug 13, 2013
Word Ladder: How To Make A Good Old-Fashioned
18,280
4.36
Just For Fun
Jun 21, 2014
Go to Creator's Profile
Score Distribution
Quiz Creator Spotlight
esvadude
Follow
Send a Message
Quizzes Created
-
Created Quiz Play Count
-
More By This Creator
Popular Quizzes Today
1
Find the Countries of Europe - No Outlines Minefield
2
Find the US States - No Outlines Minefield
3
The Countries of the World
4
Popular People in 1961
5
1-10 Letter E Words III
6
US States
7
Find the US States
8
One Thing in Common: World Cities II
More Music Quizzes
Rock Song Sorting VI
Published
Trending Quizzes
Risky Map Clicking: Least Populous States A-Z
Humor Books: The Subtitles
1-10 Letter F Words
1-10 Letter G Words
One Thing in Common: United Kingdom
Recently Updated
Leaping Animals
pecheneg
Reality TV Shows (A-Z)
bhenderson79
Rickey Henderson's Hall of Fame Teammates
pecheneg
Champions League XIs: Arsenal
pecheneg
Quick Pick: Celebrities in WWE's Hall of Fame
aduchscher
A-Z Keypad Blitz II
pecheneg
Multiple Oscar Actors
pecheneg
Mystery Phrase Blitz: Oscar 'Best Actors'
pecheneg
F. Scott Fitzgerald Novels
LTH
Pick 3 Villains
ddd62291
Trending Topics
NBA
Crossword
Disney
Kpop
Marvel
Harry Potter
Anime
Song
Country
Puzzle
Soccer
Pokémon
WWE
NFL
The Office
Your Account Isn't Verified!
In order to create a playlist on Sporcle, you need to verify the email address you used during registration. Go to your
Sporcle Settings
to finish the process.
Report this User
Report this user for behavior that violates our
Community Guidelines
.
Details:
Send Report
Go to the Sporcle.com Mobile Site →
Comments